|
|
|
|
| LEADER |
02500nam a2200637 a 4500 |
| 001 |
nkc20091962442 |
| 003 |
CZ PrNK |
| 005 |
20240115142523.0 |
| 007 |
ta |
| 008 |
090826s2009 xr ab e f 000 0 cze |
| 015 |
|
|
|a cnb001962442
|
| 020 |
|
|
|a 978-80-254-4720-8
|q (brož.)
|
| 035 |
|
|
|a (OCoLC)455844573
|
| 040 |
|
|
|a ABA001
|b cze
|
| 043 |
|
|
|a e-xr---
|b e-xr-mr
|2 czenas
|
| 045 |
|
|
|a x5y0
|
| 072 |
|
7 |
|a 551
|x Geologie. Meteorologie. Klimatologie
|2 Konspekt
|9 7
|
| 080 |
|
|
|a 061
|2 MRF
|
| 080 |
|
|
|a 551.44
|2 MRF
|
| 080 |
|
|
|a 551.442
|2 MRF
|
| 080 |
|
|
|a 55(091)
|2 MRF
|
| 080 |
|
|
|a (437.32-191.2)
|2 MRF
|
| 080 |
|
|
|a (234.58)
|2 MRF
|
| 080 |
|
|
|a (24)
|2 MRF
|
| 080 |
|
|
|a (437.32-13)
|2 MRF
|
| 080 |
|
|
|a (036)
|2 MRF
|
| 110 |
2 |
|
|a Česká speleologická společnost.
|b Plánivy
|7 kn20090901005
|
| 245 |
1 |
0 |
|a Almanach Plánivské jeskyňářské skupiny 1959-2009 /
|c napsali a sestavili členové plánivské skupiny, ZO 6-19
|
| 246 |
3 |
|
|a Padesát let Plánivské jeskyňářské skupiny
|
| 246 |
3 |
0 |
|a 50 let Plánivské jeskyňářské skupiny
|
| 246 |
1 |
4 |
|a Almanach - 50 let Plánivské jeskyňářské skupiny
|
| 260 |
|
|
|a [Plánivy] :
|b ZO ČSS 6-19 Plánivy,
|c 2009
|
| 300 |
|
|
|a 30 s. :
|b barev. il., mapy ;
|c 21 cm
|
| 500 |
|
|
|a 500 výt.
|
| 610 |
2 |
7 |
|a Česká speleologická společnost.
|b Plánivy
|7 kn20090901005
|2 czenas
|
| 648 |
|
4 |
|a 1959-2009
|
| 650 |
0 |
7 |
|a zájmové organizace
|7 ph127723
|z Česko
|y 20.-21. století
|2 czenas
|
| 650 |
0 |
7 |
|a speleologie
|7 ph125905
|z Česko
|y 20.-21. století
|2 czenas
|
| 650 |
0 |
7 |
|a dějiny geologie
|7 ph484328
|z Česko
|y 20.-21. století
|2 czenas
|
| 650 |
0 |
7 |
|a jeskyně
|7 ph121342
|z Česko
|2 czenas
|
| 650 |
0 |
9 |
|a interest organizations
|z Czechia
|y 20th-21st centuries
|2 eczenas
|
| 650 |
0 |
9 |
|a speleology
|z Czechia
|y 20th-21st centuries
|2 eczenas
|
| 650 |
0 |
9 |
|a history of geology
|z Czechia
|y 20th-21st centuries
|2 eczenas
|
| 650 |
0 |
9 |
|a caves
|z Czechia
|2 eczenas
|
| 651 |
|
7 |
|a Moravský kras (Česko)
|7 ge130097
|2 czenas
|
| 651 |
|
7 |
|a Amatérská jeskyně (Česko)
|7 ge160065
|2 czenas
|
| 651 |
|
9 |
|a Moravský kras (Czechia)
|2 eczenas
|
| 651 |
|
9 |
|a Amatérská jeskyně (Czechia)
|2 eczenas
|
| 655 |
|
7 |
|a informační publikace
|7 fd132454
|2 czenas
|
| 655 |
|
9 |
|a information publications
|2 eczenas
|
| 910 |
2 |
|
|a BOA001
|b 2-1228.555
|
| 928 |
9 |
|
|a Česká speleologická společnost, ZO 6-19
|
| 990 |
|
|
|a BK
|
| 995 |
|
|
|a 01
|
| 991 |
|
|
|b 200909
|c NOV
|
| 996 |
6 |
|
|b 2610387275
|c 2-1228.555
|l MZK
|r Sklad / do 1 hodiny
|n 3
|p p.v.
|w 001094434
|u 000010
|a 1
|e BOA001
|j MZK50
|s P
|